| 000 | 00496nam a2200193Ia 4500 | ||
|---|---|---|---|
| 008 | 240510s9999 xx 000 0 und d | ||
| 020 | _a9780521585194 | ||
| 041 | _aEng | ||
| 082 | _a005.12028 | ||
| 082 | _bG87 | ||
| 100 | _aGUSFIELD, D | ||
| 245 | 0 | _aAlgorithms on Strings, Trees and Sequences Computer Science & Computational Biology | |
| 260 | _bNew York:Cambridge University Press | ||
| 260 | _c1997 | ||
| 300 | _a534 p. | ||
| 650 | _aAlgorithms | ||
| 942 | _2ddc | ||
| 942 | _cLBK | ||
| 999 |
_c29242 _d29242 |
||
| 945 |
_a1 _bMadushi Gamage _c1 _dMadushi Gamage |
||